000 00947nas a2200313 4500
001 BR2019001932
003 BR-BrBNA
005 20231205132011.0
007 ta
008 230509b bl.|||p| |||| 00| 00por d
040 _aBR-BrBNA
_bpor
_cBiblioteca Nacional de Agricultura
041 _a(En)
072 _aH10
100 1 _aDambros, R.N.
100 1 _aDalbó, M.A.
100 1 _aArioli, C.J.
100 1 _aVeiga, M. da
245 1 _aControl of grapevine decline with the use of drains and ridges
650 _aUVA
650 _aPRÉ-PLANTIO
650 _aMANEJO DO SOLO
650 _aPORTA ENXERTO
650 _aPÉROLA DA TERRA
650 _aPRAGA DE PLANTA
773 0 _tRevista Brasileira de Fruticultura (Brazil)
_xISSN 1806-9967
_g(2016), v. 38(2) p. 1-7
_wBR2019001932
856 4 0 _uhttp://www.scielo.br/pdf/rbf/v38n2/0100-2945-rbf-38-2-e-448.pdf
909 _a202311
_bLúcia
_c55
_dLúcia Elande
942 _2AGRIS
_n0
_cANA
999 _c257897
_d257897